000 00695nam a2200217Ia 4500
003 GCL
008 140319s9999 xx 000 0 ara d
020 _a9735621977
040 _aGCL /
_cGCL
082 0 4 _a658.3124
_bع ت
100 1 _aعبدالرحمن توفيق
245 1 0 _aتقييم التدريب /
_cعبدالرحمن توفيق
250 _aالاولى
260 _aالقاهرة :
_bمركز الخبرات المهنية للادارة بميك ،
_c1998
300 _a566 ص ؛
_c24 سم
650 0 4 _aالتوجية الادارى
650 0 4 _aالتدريب
650 0 4 _aتقييم الاداء
650 0 4 _aالدورات التدريبية
942 _2ddc
_cBK
999 _c5506
_d5506